Poder y distincin̤ colonial: Las fiestas del Virrey presente y el Rey ausente (Nueva Granada, 1770-1800)

Bibliographic Details
Main Author: Aristizb̀al Garca̕, Diana Marcela
Format: Book
Language:Spanish
Published: Colombia Editorial Universidad de Rosario (Colombia) 2011
Subjects:
Online Access:Acceso restringido

MARC

LEADER 00000nam a22000007a 4500
005 20151217113325.0
007 cr|||| ||u|
008 151217s2011 ck ||||| |||| 00||0 spa d
020 |a 958-738-226-9 
035 |a 12978 
040 |a vLex 
090 |c 5748  |d 5748 
100 1 |a Aristizb̀al Garca̕, Diana Marcela  
245 1 0 |a Poder y distincin̤ colonial: Las fiestas del Virrey presente y el Rey ausente (Nueva Granada, 1770-1800)  |h [Recurso electrn̤ico] /  |c Aristizb̀al Garca̕, Diana Marcela 
256 |a Servicio en ln̕ea  
260 |a Colombia   |b Editorial Universidad de Rosario (Colombia)  |c 2011 
300 |a 1 recurso electrn̤ico (174 Pg̀inas) 
506 1 |a Contenido solo disponible en los productos indicados  |d vLex Global  |d vLex Global (Academic Edition, excluding Law Schools)  |d vLex Global (U.S. Academic Edition, Law Schools)  |d vLex Global (U.S. Academic Edition, excluding Law Schools)  |d vLex Global (Academic Edition, Law Schools) 
650 0 4 |a Histr̤ia moderna S.XVIII  |z Granada 
740 0 |a vLex libros (servicio en ln̕ea) 
856 4 0 |u http://vlex.com/source/poder-distincion-colonial-fiestas-virrey-presente-rey-ausente-nueva-granada-1770-1800--12978  |z Acceso restringido 
942 |c BOOK 
999 0 |a History, Modern--18th century